01635nam a22002417a 4500003000900000008004100009040007100050082002400121110004900145245009500194260004600289300002900335440006000364505077300424650002801197650002501225650002301250650002601273650002101299700003001320700002301350700002001373AR-CdUCM190425b ||||| |||| 00| 0 spa d aMUNICIPALIDAD PROVINCIAL DEL CUSCOcBIBLIOTECA MUNICIPAL DEL CUSCO aHist.Ecle/N°2/1992 aInstituto Peruano de Historia Eclesiástica aRevista peruana de Historia Eclesiástica /cInstituto Peruano de Historia Eclesiástica aLima.bServicio copias Gráficas,c1992. a299 páginas. :c22 cm. aRevista peruana de Historia Eclesiástica.nN°2,1992. aContenido: Los dominios en al evangelización del Perú Siglo XVI. Guillermo Álvarez. -- Los franciscanos en la evangelización del Perú Siglo XVI. Federico Richter. -- Los mercedarios en la evangelización del Perú Siglos XVI-XVIII. Severo Aparicio. -- La orden de San Agustín en la evangelización del Perú,1551-1600. Benigno Ayarra. -- Las misiones de los jesuitas del Perú. Armando Nieto. -- El clero diocesano en el siglo XVI. José Dammert. -- Nuevos datos sobre Fray Antonio de la Calancha y la impresión de la Crónica Moralizadora. Guillermo Luhmann. -- El libro y la imprenta al servicio de la evangelización. Julián Heras. -- Encomenderos y doctrineros notas sobre encomienda y evangelización en el siglo XVI. José de la Puente. aHistoria eclesiástica aEducación colonial aHistoria del Cusco aReligión católica aEvangelización aLohman Villena, Guillermo aRichter, Federico aDammert, José